<?xml version="1.0" encoding="UTF-8"?>
<record
    xmlns:xsi="http://www.w3.org/2001/XMLSchema-instance"
    xsi:schemaLocation="http://www.loc.gov/MARC21/slim http://www.loc.gov/standards/marcxml/schema/MARC21slim.xsd"
    xmlns="http://www.loc.gov/MARC21/slim">

  <leader>02153    a2200241   4500</leader>
  <controlfield tag="001">45129</controlfield>
  <controlfield tag="005">20260407155726.0</controlfield>
  <controlfield tag="008">260407a1968    arg                 spa d</controlfield>
  <controlfield tag="003">AR-UNSa-BCEJYS</controlfield>
  <datafield tag="040" ind1=" " ind2=" ">
    <subfield code="a">AR-UNSa-BCEJYS</subfield>
    <subfield code="b">spa</subfield>
    <subfield code="c">AR-UNSa-BCEJYS</subfield>
  </datafield>
  <datafield tag="080" ind1=" " ind2=" ">
    <subfield code="a">512</subfield>
    <subfield code="x">Algebra</subfield>
  </datafield>
  <datafield tag="245" ind1="1" ind2="0">
    <subfield code="a">Algebra elemental</subfield>
  </datafield>
  <datafield tag="264" ind1=" " ind2="1">
    <subfield code="a">Barcelona :</subfield>
    <subfield code="b">Montaner y Sim&#xF3;n</subfield>
    <subfield code="c">1968</subfield>
  </datafield>
  <datafield tag="300" ind1=" " ind2=" ">
    <subfield code="a">x, 528 p.</subfield>
    <subfield code="c">24 cm.</subfield>
  </datafield>
  <datafield tag="505" ind1=" " ind2=" ">
    <subfield code="a">1. Definiciones. Sustituciones &#x2013; 2. Cantidades negativas. Suma de t&#xE9;rminos semejantes &#x2013; 3. Par&#xE9;ntesis. Suma &#x2013; 4. Resta &#x2013; 5. Multiplicaci&#xF3;n &#x2013; 6. Divisi&#xF3;n &#x2013; 7. Supresi&#xF3;n e inserci&#xF3;n de par&#xE9;ntesis &#x2013; 8. Ecuaciones simples &#x2013; 9. Expresi&#xF3;n simb&#xF3;lica &#x2013; 10. Problemas que conducen a ecuaciones simples &#x2013; 11. M&#xE1;ximo com&#xFA;n divisor y m&#xED;nimo com&#xFA;n m&#xFA;ltiplo de expresiones simples &#x2013; 12. Fracciones elementales &#x2013; 13. Ecuaciones simult&#xE1;neas &#x2013; 14. Fracciones &#x2013; 15.  Potencias &#x2013; 16. Radicaci&#xF3;n &#x2013; 17. Descomposici&#xF3;n en fracciones &#x2013; 18. M&#xE1;ximo com&#xFA;n divisor &#x2013; 19. Fracciones &#x2013; 20. M&#xED;nimo com&#xFA;n m&#xFA;ltiplo &#x2013; 21. Suma y resta de fracciones &#x2013; 22. Fracciones diversas &#x2013; 23. Ecuaciones m&#xE1;s complicadas &#x2013; 24. Problemas m&#xE1;s complicados &#x2013; 25. Ecuaciones cuadr&#xE1;ticas &#x2013; 26. Ecuaciones cuadr&#xE1;ticas simult&#xE1;neas &#x2013; 27. Problemas que conducen a ecuaciones cuadr&#xE1;ticas &#x2013; 28. Descomposici&#xF3;n en factores m&#xE1;s complicada &#x2013; 29. Teoremas y ejemplos diversos &#x2013; 30. La teor&#xED;a de los exponentes &#x2013; 31. Cantidades irracionales elementales &#x2013; 32. Raz&#xF3;n, proporci&#xF3;n y variaci&#xF3;n &#x2013; 33. Progresi&#xF3;n aritm&#xE9;tica  - 34. Progresi&#xF3;n geom&#xE9;trica &#x2013; 35. Progresi&#xF3;n arm&#xF3;nica &#x2013; 36. La teor&#xED;a de la ecuaciones cuadr&#xE1;ticas &#x2013; 37. Permutaciones y combinaciones &#x2013; 38. Teorema del binomio &#x2013; 39. Logaritmos &#x2013; 40. Sistemas de numeraci&#xF3;n &#x2013; 41.  Series exponenciales y logar&#xED;tmicas &#x2013; 42. Ecuaciones diversas &#x2013; 43. Inter&#xE9;s y anualidades &#x2013; 44. Representaci&#xF3;n gr&#xE1;fica de funciones - </subfield>
  </datafield>
  <datafield tag="041" ind1=" " ind2=" ">
    <subfield code="a">spa</subfield>
  </datafield>
  <datafield tag="942" ind1=" " ind2=" ">
    <subfield code="c">BK</subfield>
  </datafield>
  <datafield tag="590" ind1=" " ind2=" ">
    <subfield code="a">niveau_biblio:m niveau_hierar:0</subfield>
  </datafield>
  <datafield tag="100" ind1="1" ind2=" ">
    <subfield code="a">Blumovicz Perelberg, Susana</subfield>
  </datafield>
  <datafield tag="700" ind1="1" ind2=" ">
    <subfield code="a">Knight, S.R.</subfield>
  </datafield>
  <datafield tag="700" ind1="1" ind2=" ">
    <subfield code="a">Hall, H.S.</subfield>
  </datafield>
  <datafield tag="700" ind1="1" ind2=" ">
    <subfield code="a">Alonso, Santiago</subfield>
  </datafield>
  <datafield tag="999" ind1=" " ind2=" ">
    <subfield code="c">3912</subfield>
    <subfield code="d">3912</subfield>
  </datafield>
  <datafield tag="952" ind1=" " ind2=" ">
    <subfield code="0">0</subfield>
    <subfield code="1">0</subfield>
    <subfield code="4">0</subfield>
    <subfield code="7">0</subfield>
    <subfield code="a">BCEJYS</subfield>
    <subfield code="b">BCEJYS</subfield>
    <subfield code="c">16</subfield>
    <subfield code="d">2026-04-07</subfield>
    <subfield code="l">0</subfield>
    <subfield code="o">512 H174a</subfield>
    <subfield code="p">L22776</subfield>
    <subfield code="r">2026-04-07 15:57:26</subfield>
    <subfield code="w">2026-04-07</subfield>
    <subfield code="y">L</subfield>
  </datafield>
  <datafield tag="952" ind1=" " ind2=" ">
    <subfield code="0">0</subfield>
    <subfield code="1">0</subfield>
    <subfield code="4">0</subfield>
    <subfield code="7">0</subfield>
    <subfield code="a">BCEJYS</subfield>
    <subfield code="b">BCEJYS</subfield>
    <subfield code="c">16</subfield>
    <subfield code="d">2026-04-07</subfield>
    <subfield code="l">0</subfield>
    <subfield code="o">512 H174a</subfield>
    <subfield code="p">L22775</subfield>
    <subfield code="r">2026-04-07 15:57:26</subfield>
    <subfield code="w">2026-04-07</subfield>
    <subfield code="y">L</subfield>
  </datafield>
</record>
